MDQL
is popping MORE tags! Check the
thread
!
Quizzes
Events
Quiz Creation
Community
Videos
Private Events
Remove Ads
Sign In
Join for FREE
Feedback
Dark Mode
Quiz Categories
Sports
Geography
Music
Movies
Television
Just For Fun
Miscellaneous
History
Literature
Language
Science
Gaming
Entertainment
Religion
Holiday
For Kids
Quiz Lab
Recent
Popular Today
Quiz Kudos Today
Editor Picks
Curator Picks
Quizzes by...
Day
Popularity
Type
Ratings
Length
Year
Community
Subscriptions
Recent Discussions
Orange Saloon
Badges
Playlists
Quests
Create
Leaderboards
Showdown
Live 5
Trivia Bingo
Activity
Puzzle Library
Sporcle Events
Private Events
Virtual Trivia
Globe League
Become a Host
Pub Owners
SporcleCon
Opinionation
Our Games
Videos
Blog
Mobile Apps
Partnerships
Remove Ads and Go Orange
Feedback
Music
Pop Music
The Beatles
Song
Album
Lyrics
Bands
Singers
Artist
Clip
Rock
Rap
Classical
Billboard
Country Music
Kpop
Taylor Swift
Music
Pop Music
The Beatles
Song
Album
Lyrics
Bands
Singers
Artist
Clip
Rock
Rap
Classical
Billboard
Country Music
Kpop
Taylor Swift
Random Quiz
Search Sporcle
×
Quiz Lab
Quiz Lab
Music
Lyrics
Type in answers that appear in a list
Type in answers that appear in a list
Classic
Best Score? Go Orange.
All the Boys Lyrics Stats
Can you name the All the Boys lyrics by P!ATD?
By
twentyonesinners
12m
220 Questions
171 Plays
171 Plays
171 Plays
Comments
Comments
Give Quiz Kudos
Give Quiz Kudos
-
- Ratings
hide this ad
Replay
Link that replays current quiz
Next Quiz
Link to next quiz in quiz playlist
You Got
0%
They Got
Avg Score
89%
Avg Friend Score
Upgrade to see
Score Distribution
Jump to the score distribution portion of the page
Score
0/220
Timer
12:00
0
Plays Today
% Correct
the
98.8%
the
98.8%
And
98.8%
the
98.8%
and
98.8%
the
98.8%
and
98.8%
the
98.8%
and
98.8%
the
98.8%
and
98.8%
a
98.8%
and
98.8%
And
98.8%
the
98.8%
And
98.8%
the
98.8%
and
98.8%
the
98.8%
and
98.8%
the
98.8%
and
98.8%
the
98.8%
and
98.8%
a
98.8%
And
98.8%
the
98.8%
and
98.8%
the
98.8%
and
98.8%
the
98.8%
and
98.8%
the
98.8%
and
98.8%
a
98.8%
the
98.8%
and
98.8%
the
98.8%
and
98.8%
the
98.8%
and
98.8%
the
98.8%
and
98.8%
a
98.8%
boys
97.1%
boys
97.1%
boys
97.1%
boys
97.1%
boys
97.1%
boys
97.1%
boys
97.1%
boys
97.1%
boys
97.1%
boys
97.1%
boys
97.1%
boys
97.1%
boys
97.1%
All
95.3%
All
95.3%
all
95.3%
all
95.3%
All
95.3%
all
95.3%
all
95.3%
all
95.3%
all
95.3%
All
95.3%
all
95.3%
all
95.3%
all
95.3%
All
95.3%
all
95.3%
All
95.3%
all
95.3%
% Correct
All
95.3%
all
95.3%
love
94.2%
girls
94.2%
girls
94.2%
love
94.2%
girls
94.2%
girls
94.2%
love
94.2%
girls
94.2%
girls
94.2%
love
94.2%
girls
94.2%
girls
94.2%
I
93.6%
I
93.6%
I
93.6%
I
93.6%
I
93.6%
I
93.6%
I
93.6%
I
93.6%
I
93.6%
I
93.6%
I
93.6%
I
93.6%
I
93.6%
I
93.6%
I
93.6%
I
93.6%
She
91.8%
she
91.8%
she
91.8%
she
91.8%
She
91.8%
she
91.8%
she
91.8%
her
91.2%
her
91.2%
her
91.2%
her
91.2%
her
91.2%
her
91.2%
her
91.2%
madly
89.5%
madly
89.5%
madly
89.5%
madly
89.5%
leave
88.9%
kiss
88.9%
to
88.9%
to
88.9%
don't
88.3%
you
88.3%
you
88.3%
you
88.3%
you
88.3%
you
88.3%
makeup
87.7%
that
87.7%
she's
87.7%
that
87.7%
that
87.7%
that
87.7%
after
86.5%
think
86.5%
theirs
86.5%
at
84.8%
while
84.8%
sleep
84.8%
so
84.8%
while
84.8%
sleep
84.8%
so
84.8%
% Correct
so
84.8%
so
84.8%
night
84.2%
secrets
84.2%
keep
84.2%
secrets
84.2%
keep
84.2%
spoken
83.6%
too
83.6%
we
83.6%
spoken
83.6%
too
83.6%
we
83.6%
too
83.6%
we
83.6%
too
83.6%
we
83.6%
get
83%
want
83%
badly
83%
get
83%
want
83%
badly
83%
want
83%
badly
83%
want
83%
badly
83%
Might
82.5%
Picture
82.5%
isn't
82.5%
dream
82.5%
Might
82.5%
Picture
82.5%
isn't
82.5%
dream
82.5%
Picture
82.5%
isn't
82.5%
dream
82.5%
Picture
82.5%
isn't
82.5%
dream
82.5%
come
81.9%
true
81.9%
come
81.9%
true
81.9%
come
81.9%
true
81.9%
come
81.9%
true
81.9%
(Oh, oh)
80.1%
(Oh, oh)
80.1%
(Oh, oh)
80.1%
(Oh, oh)
80.1%
now
76.6%
Closer
76%
closer
76%
still
76%
closer
76%
there
73.7%
knows
72.5%
you're
72.5%
charm
70.8%
here
69.6%
til'
68.4%
entertain
68.4%
came
67.8%
fall
66.7%
into
66.1%
hard
64.3%
you'll
62.6%
it's
52%
Then
43.3%
Quiz Playlist
Details
Report
Send in Message
Add To Playlist
Classic:
Type in answers that appear in a list
Last Updated: Feb 16, 2017
Quiz Scoreboard
CHALLENGE
Sign Up to Join the Scoreboard
Show All
Scores
Hide
Comments
May contain spoilers
Recently Published
Two Season TV Shows II
by 123Four
Television
10m
Image Sorting: Flags VI
by Barbecue
Geography
2m
Find the 'City' Movie
by crazypaving
Movies
60s
More to Explore
Quiz From the Vault
Featured Blog Post
14 Easter Pick-up Lines to Find Eggs With
hide this ad
You Might Also Like...
Tags
Lyrics Quiz
Missing Lyrics
Panic! At the Disco
Pop Punk
punk-pop
Today's Top Quizzes in Music
Browse Music
hide this ad
Today's Top Quizzes in Lyrics
Browse Lyrics
Top Contributed Quizzes in Music
1
5X2 Blitz: Bands II
2
5X2 Blitz: The Beatles
3
Taylor Swift All Songs (2024)
4
5X2 Blitz: Billboard
5
5X2 Blitz: Billboard II
6
5X2 Blitz: Album
7
5X2 Blitz: Singers
8
5X2 Blitz: Rock
9
Music Artist by Three 2010s hits
10
5X2 Blitz: Lyrics
Explore More
Trending Topics
Marvel
Crossword
Kpop
Harry Potter
Anime
NBA
Disney
The Office
Song
Puzzle
Soccer
Pokémon
Country
NFL
WWE
hide this ad
More By:
twentyonesinners
Quiz
Plays
Rating
Category
Featured
Created
All the Boys Lyrics
171
5.00
Music
Aug 8, 2016
Go to Creator's Profile
Score Distribution
Quiz Creator Spotlight
twentyonesinners
Follow
Send a Message
Quizzes Created
-
Created Quiz Play Count
-
More By This Creator
Popular Quizzes Today
1
Find the US States - No Outlines Minefield
2
Colored Red Africa Blitz
3
Find the 'City' Movie
4
5x2 Blitz: Bands
5
The Countries of the World
6
Find the Countries of Europe - No Outlines Minefield
7
Find the US States
8
US States
More Music Quizzes
Lyrics: 'Holiday In Cambodia' - Dead Kennedys
Quiz Lab
Trending Quizzes
Colored Red Europe Blitz I
Colored Red Africa Blitz II
Colored Red Europe Blitz II
Colored Red Africa Blitz III
Colored Red Europe Blitz III
Recently Updated
How Do You Spell That?
pecheneg
Godzilla Movies
pecheneg
Grab Bag: 4-10 Letters
pecheneg
2024 March Madness Bracket
pecheneg
Famous TV Couples
Peacemaker
Champions League XIs: Real Madrid
pecheneg
Largest US Cities 1790-2010
pecheneg
Rides in Walt Disney World
pecheneg
Most Oscar Losses (Acting)
pecheneg
Beyoncé Albums
pecheneg
Trending Topics
Crossword
Harry Potter
Marvel
NBA
Disney
Anime
Kpop
Pokémon
Country
NFL
The Office
WWE
Puzzle
Song
Soccer
Your Account Isn't Verified!
In order to create a playlist on Sporcle, you need to verify the email address you used during registration. Go to your
Sporcle Settings
to finish the process.
Report this User
Report this user for behavior that violates our
Community Guidelines
.
Details:
Send Report
Go to the Sporcle.com Mobile Site →
Comments